| 000 | 00682 a2200205 4500 | ||
|---|---|---|---|
| 020 | _a0471839655 | ||
| 020 | _a0585321477 | ||
| 040 |
_aDLC _bDLC |
||
| 100 | 1 | _aSaleh, Bahaa E. A., | |
| 245 | 1 | 0 |
_aFundamentals of photonics _cBahaa E.A. Saleh, Malvin Carl Teich. |
| 260 |
_aNew York : _bWiley, _cc1991. |
||
| 300 |
_axviii, 966 p. : _bill. ; _c26 cm. |
||
| 440 | 4 | _aThe Wiley series in pure and applied optics. | |
| 500 | _a"A Wiley-Interscience publication." | ||
| 650 | 0 | _aPhotonics. | |
| 700 | 1 | _aTeich, Malvin Carl. | |
| 710 | 2 | _aNetLibrary, Inc. | |
| 856 | 4 | 1 | _uhttp://libproxy1.nus.edu.sg/login?url=http://www.lib.nus.edu.sg/asp/eb.asp?ID=1158 |
| 942 |
_cBK _k621.36 SAL _2ddc |
||
| 999 |
_c4557 _d4557 |
||